00780nam a22002177a 450000500170000001000150001702000320003202000340006403500130009803700130011108200080012424500900013226000290022227000540025130000310030550000190033670000270035594200220038299900170040495201410042120100804122956.0 aENG-100797 c1595.00a8173043531(Series) c1595.00a9788173047725(vol x) aEN-84330 bDBAD/PUB a921 aJayaprakash Narayan :cedited by Bimal Prashad bselected works volume x ( 1972-1979) aNew DelhibManoharc2009 a4753/23 Ansari Road, DaryaganjbNew Delhie110002 aV.10. xlv,1012pb24cm (Hb) aIncludes index aPrashad, Bimal 96065 2ddccENh921mJAY c42361d42361 001040718NFICaDBADbDBADd2010-08-18eDBAD/PUBg1595.00l0o921 JAYpEN-84330r2010-08-18 00:00:00t1v1595.00w2010-08-18yENzv 10